[Event "Winnipeg Grand Prix Finals ABCD"]
[Site "Winnipeg"]
[Date "2007.11.06"]
[Round "1"]
[White "Wiebe, Daniel"]
[Black "Booth, Kevin"]
[Result "1-0"]
[WhiteElo "1713"]
[BlackElo "1806"]
[PlyCount "65"]
[EventDate "2007.11.06"]
[EventType "swiss"]
[EventRounds "6"]
[EventCountry "CAN"]
[SourceTitle "EXT 2022"]
[Source "ChessBase"]
[SourceDate "2021.10.06"]
[SourceVersion "1"]
[SourceVersionDate "2021.10.06"]
[SourceQuality "1"]

1. e4 d6 2. d4 Nf6 3. Nc3 g6 4. f4 Bg7 5. Nf3 0-0 6. Bd3 c6 7. Qe2 Nbd7 8. e5 dxe5 9. dxe5 Nd5 10. Nxd5 cxd5 11. e6 Nc5 12. exf7+ Rxf7 13. 0-0 Nxd3 14. Qxd3 Bf5 15. Qb3 Rc8 16. c3 Rc7 17. Be3 b6 18. Rad1 e6 19. h3 h6 20. Bd4 Bxd4+ 21. Nxd4 Qd7 22. Nf3 Qd6 23. Ne5 Rg7 24. Qa4 g5 25. Kh1 Be4 26. Qxe4 gxf4 27. Qxf4 Rg5 28. Ng4 Qxf4 29. Rxf4 h5 30. Nf6+ Kh8 31. h4 Re5 32. Rdf1 Re2 33. R1f2 1-0

[Event "Winnipeg Gibbons Section ABCD"]
[Site "Winnipeg"]
[Date "2007.10.14"]
[Round "5"]
[White "Booth, Kevin"]
[Black "Gannon, Keith"]
[Result "1-0"]
[WhiteElo "1833"]
[BlackElo "1674"]
[PlyCount "105"]
[EventDate "2007.10.12"]
[EventType "swiss"]
[EventRounds "5"]
[EventCountry "CAN"]
[SourceTitle "EXT 2022"]
[Source "ChessBase"]
[SourceDate "2021.10.06"]
[SourceVersion "1"]
[SourceVersionDate "2021.10.06"]
[SourceQuality "1"]

1. a4 e5 2. h4 d5 3. b3 Nf6 4. g3 Be7 5. Bb2 Nbd7 6. Bg2 c6 7. d3 0-0 8. e3 b6 9. Nd2 Bb7 10. Ngf3 Bd6 11. 0-0 Qc7 12. e4 dxe4 13. Nxe4 Nxe4 14. dxe4 Rad8 15. Qe2 Rfe8 16. Rad1 a5 17. Nd2 Nc5 18. Nc4 Ba6 19. Rfe1 Nb7 20. Bf1 Bb4 21. Rxd8 Rxd8 22. Bxe5 Qe7 23. c3 Bxc4 24. Qxc4 Qxe5 25. cxb4 Qc7 26. Rc1 c5 27. bxc5 Nxc5 28. b4 axb4 29. Qxb4 Qb8 30. a5 Nd7 31. axb6 Qxb6 32. Qxb6 Nxb6 33. Rc7 g6 34. Rb7 Nd7 35. Bc4 Kg7 36. f4 Kf8 37. Kg2 f6 38. Kf3 h6 39. Be6 Ke7 40. Rxd7+ Rxd7 41. Bxd7 Kxd7 42. Ke3 Ke6 43. Kd4 h5 44. e5 Kf5 45. Kd5 fxe5 46. fxe5 Kg4 47. e6 Kxg3 48. e7 Kxh4 49. e8Q g5 50. Qe1+ Kg4 51. Ke4 h4 52. Qg1+ Kh5 53. Kf5 1-0

[Event "Winnipeg Gibbons Section ABCD"]
[Site "Winnipeg"]
[Date "2007.10.14"]
[Round "4"]
[White "Greenberg, Harley"]
[Black "Booth, Kevin"]
[Result "1/2-1/2"]
[WhiteElo "1823"]
[BlackElo "1833"]
[PlyCount "49"]
[EventDate "2007.10.12"]
[EventType "swiss"]
[EventRounds "5"]
[EventCountry "CAN"]
[SourceTitle "EXT 2022"]
[Source "ChessBase"]
[SourceDate "2021.10.06"]
[SourceVersion "1"]
[SourceVersionDate "2021.10.06"]
[SourceQuality "1"]

1. d4 Nf6 2. c4 g6 3. Nf3 d6 4. g3 Bg7 5. Bg2 Nbd7 6. Nc3 c5 7. 0-0 0-0 8. e4 cxd4 9. Nxd4 Ne5 10. b3 a6 11. Bb2 Rb8 12. Qd2 Bd7 13. h3 Qc7 14. Kh2 Nc6 15. Nd5 Nxd5 16. cxd5 Nxd4 17. Bxd4 Bxd4 18. Qxd4 b5 19. Rfc1 Qb7 20. f4 Rfc8 21. e5 Rxc1 22. Rxc1 Rc8 23. Rc3 Rxc3 24. Qxc3 Qc8 25. Qd2 1/2-1/2

[Event "Winnipeg Yanofsky Memorial"]
[Site "Winnipeg"]
[Date "2007.08.31"]
[Round "1"]
[White "Schulz, Waldemar"]
[Black "Booth, Kevin"]
[Result "1/2-1/2"]
[WhiteElo "2052"]
[BlackElo "1861"]
[PlyCount "99"]
[EventDate "2007.08.31"]
[EventType "swiss"]
[EventRounds "5"]
[EventCountry "CAN"]
[SourceTitle "EXT 2022"]
[Source "ChessBase"]
[SourceDate "2021.10.06"]
[SourceVersion "1"]
[SourceVersionDate "2021.10.06"]
[SourceQuality "1"]

1. d4 Nf6 2. c4 e6 3. Nf3 d5 4. Nc3 b6 5. g3 dxc4 6. Bg2 Bb7 7. Qa4+ Nbd7 8. Qxc4 c5 9. 0-0 cxd4 10. Qxd4 Bc5 11. Qd3 0-0 12. Be3 Rc8 13. Rfd1 Nd5 14. Ng5 N7f6 15. Nxd5 Bxd5 16. Bxc5 bxc5 17. e4 Ba8 18. e5 Qxd3 19. Rxd3 Nd5 20. Ne4 Nb4 21. Rd7 Rfd8 22. Rad1 Bd5 23. Rxd8+ Rxd8 24. Nc3 Kf8 25. f4 Ke7 26. Nxd5+ Nxd5 27. Rc1 Rc8 28. Kf2 Nb4 29. Ke3 Rc7 30. a3 Nd5+ 31. Kd3 c4+ 32. Kd4 Nb6 33. Rc2 f6 34. Bf1 Rd7+ 35. Ke4 Rc7 36. exf6+ gxf6 37. b3 f5+ 38. Ke5 Rc5+ 39. Kd4 Rd5+ 40. Kc3 cxb3 41. Kxb3 Kd6 42. a4 Rd1 43. Bb5 Nd5 44. Rc6+ Ke7 45. Ra6 Kf6 46. Rxa7 h6 47. Rh7 Kg6 48. Rh8 Kg7 49. Re8 Kf7 50. Rh8 1/2-1/2

[Event "Winnipeg TNT June op"]
[Site "Winnipeg"]
[Date "2007.06.26"]
[Round "4"]
[White "Booth, Kevin"]
[Black "Boron, Anthony"]
[Result "0-1"]
[WhiteElo "1780"]
[BlackElo "1999"]
[PlyCount "72"]
[EventDate "2007.06.05"]
[EventType "swiss"]
[EventRounds "4"]
[EventCountry "CAN"]
[SourceTitle "EXT 2019"]
[Source "ChessBase"]
[SourceDate "2018.10.10"]
[SourceVersion "1"]
[SourceVersionDate "2018.10.10"]
[SourceQuality "1"]

1. d4 Nf6 2. c4 c5 3. d5 b5 4. b3 g6 5. Bb2 Bg7 6. e3 a6 7. Nf3 0-0 8. Qc2 b4 9. Nbd2 d6 10. Bd3 Nbd7 11. 0-0-0 a5 12. Rdg1 a4 13. h4 axb3 14. Qxb3 Qa5 15. Bb1 Ng4 16. Bxg7 Kxg7 17. Ne4 Qa3+ 18. Qxa3 Rxa3 19. h5 Ndf6 20. Nxf6 Kxf6 21. Nd2 Kg7 22. Rf1 Ba6 23. Kb2 Ra8 24. Bc2 Bc8 25. Bb3 Bd7 26. hxg6 hxg6 27. e4 R3a7 28. f3 Nf6 29. Rh2 Ba4 30. Rfh1 Bxb3 31. axb3 Ra2+ 32. Kc1 Ra1+ 33. Kc2 Nh5 34. Nb1 R8a2+ 35. Kc1 Nf4 36. g3 Nd3+ 0-1

[Event "Winnipeg GP final-D"]
[Site "Winnipeg"]
[Date "2006.11.21"]
[Round "3"]
[White "Gibbons, Lorne"]
[Black "Booth, Kevin"]
[Result "0-1"]
[WhiteElo "1275"]
[BlackElo "1570"]
[PlyCount "32"]
[EventDate "2006.11.07"]
[EventType "tourn"]
[EventRounds "6"]
[EventCountry "CAN"]
[SourceTitle "EXT 2019"]
[Source "ChessBase"]
[SourceDate "2018.10.10"]
[SourceVersion "1"]
[SourceVersionDate "2018.10.10"]
[SourceQuality "1"]

1. e4 e5 2. Bc4 d6 3. Nf3 Bg4 4. h3 Bh5 5. Nc3 Be7 6. d3 Nc6 7. a3 Nf6 8. g4 Bg6 9. Be3 Qd7 10. Nd2 h5 11. f3 hxg4 12. fxg4 Nxg4 13. Nd5 Nxe3 14. Nxe3 Rxh3 15. Rxh3 Qxh3 16. Qf3 Bh4+ 0-1

[Event "Winnipeg TNT October op"]
[Site "Winnipeg"]
[Date "2006.10.24"]
[Round "4"]
[White "Booth, Kevin"]
[Black "Prince, Colin"]
[Result "1-0"]
[WhiteElo "1596"]
[BlackElo "1822"]
[PlyCount "35"]
[EventDate "2006.10.03"]
[EventType "swiss"]
[EventRounds "4"]
[EventCountry "CAN"]
[SourceTitle "EXT 2019"]
[Source "ChessBase"]
[SourceDate "2018.10.10"]
[SourceVersion "1"]
[SourceVersionDate "2018.10.10"]
[SourceQuality "1"]

1. d4 Nf6 2. c4 g6 3. Nc3 Bg7 4. Nf3 d6 5. Bg5 h6 6. Bh4 Na6 7. e3 c5 8. Be2 0-0 9. 0-0 Nc7 10. Qb3 Qe8 11. Rfd1 g5 12. Bg3 Nh5 13. dxc5 Nxg3 14. hxg3 dxc5 15. Rd2 Bd7 16. Qxb7 Rc8 17. Qxa7 Ne6 18. Qxd7 1-0

[Event "Winnipeg TNT October op"]
[Site "Winnipeg"]
[Date "2006.10.17"]
[Round "3"]
[White "Rutter, Blair A"]
[Black "Booth, Kevin"]
[Result "1-0"]
[WhiteElo "1808"]
[BlackElo "1596"]
[PlyCount "61"]
[EventDate "2006.10.03"]
[EventType "swiss"]
[EventRounds "4"]
[EventCountry "CAN"]
[SourceTitle "EXT 2019"]
[Source "ChessBase"]
[SourceDate "2018.10.10"]
[SourceVersion "1"]
[SourceVersionDate "2018.10.10"]
[SourceQuality "1"]

1. c4 e5 2. g3 Nf6 3. Bg2 Bc5 4. Nc3 d6 5. e3 Nbd7 6. Nge2 0-0 7. 0-0 Re8 8. h3 Rb8 9. Kh2 Nf8 10. d3 Bf5 11. Na4 Qd7 12. b3 c6 13. e4 Bg6 14. f4 Qe7 15. Nxc5 dxc5 16. f5 Bh5 17. g4 Bxg4 18. hxg4 Nxg4+ 19. Kg3 h5 20. Bf3 Nf6 21. Kh3 g6 22. Rg1 Kh7 23. Bg5 Qd6 24. Qc2 Rbd8 25. Rad1 Rd7 26. Ng3 Ng8 27. Qe2 f6 28. fxg6+ Nxg6 29. Be3 Qe6+ 30. Nf5 h4 31. Bh5 1-0

[Event "Winnipeg TNT October op"]
[Site "Winnipeg"]
[Date "2006.10.03"]
[Round "1"]
[White "Green, Jim"]
[Black "Booth, Kevin"]
[Result "1-0"]
[WhiteElo "1674"]
[BlackElo "1596"]
[PlyCount "45"]
[EventDate "2006.10.03"]
[EventType "swiss"]
[EventRounds "4"]
[EventCountry "CAN"]
[SourceTitle "EXT 2019"]
[Source "ChessBase"]
[SourceDate "2018.10.10"]
[SourceVersion "1"]
[SourceVersionDate "2018.10.10"]
[SourceQuality "1"]

1. e4 e5 2. Nf3 Nc6 3. Bb5 d6 4. d4 exd4 5. Nxd4 Nge7 6. Bg5 Bd7 7. Nxc6 Bxc6 8. Bxc6+ bxc6 9. Nc3 Qb8 10. Rb1 h6 11. Be3 Ng6 12. f4 Be7 13. 0-0 Bf6 14. Kh1 Qb4 15. a3 Qa5 16. Bd4 Bxd4 17. Qxd4 0-0 18. Ne2 Qh5 19. Ng3 Qg4 20. Nf5 f6 21. Rf3 Kh7 22. h3 c5 23. Qf2 1-0

[Event "Winnipeg TNT September op"]
[Site "Winnipeg"]
[Date "2006.09.26"]
[Round "4"]
[White "Green, Aaron"]
[Black "Booth, Kevin"]
[Result "1/2-1/2"]
[WhiteElo "1350"]
[BlackElo "1606"]
[PlyCount "114"]
[EventDate "2006.09.26"]
[EventType "swiss"]
[EventRounds "4"]
[EventCountry "CAN"]
[SourceTitle "EXT 2019"]
[Source "ChessBase"]
[SourceDate "2018.10.10"]
[SourceVersion "1"]
[SourceVersionDate "2018.10.10"]
[SourceQuality "1"]

1. e4 e5 2. Nf3 d6 3. d4 exd4 4. Nxd4 Nf6 5. Nc3 Be7 6. Be3 0-0 7. f3 Be6 8. Qd2 Nc6 9. Nxe6 fxe6 10. Be2 e5 11. 0-0-0 a6 12. h4 b5 13. g4 Nd7 14. Qd5+ Kh8 15. Qxc6 Nf6 16. Nd5 Nxd5 17. Qxd5 b4 18. Qd2 a5 19. Bg5 Bxg5 20. Qxg5 Qb8 21. Qe3 a4 22. g5 b3 23. cxb3 axb3 24. Qxb3 Qa7 25. a3 Rfb8 26. Qa2 Qc5+ 27. Qc4 Qb6 28. Qb4 Qe3+ 29. Qd2 Qb6 30. Qc3 Ra5 31. Rd5 Raa8 32. Rb5 Qa7 33. Rxb8+ Rxb8 34. Rd1 Rf8 35. Rd5 Qf2 36. Kd2 Qxh4 37. Qxc7 Qxg5+ 38. Kd3 Qg1 39. Rxd6 h5 40. Rd8 Rxd8+ 41. Qxd8+ Kh7 42. Qh4 Qb1+ 43. Ke3 Qg1+ 44. Qf2 Qc1+ 45. Kd3 Qxb2 46. Qc5 Qb3+ 47. Qc3 Qb5+ 48. Kd2 Qd7+ 49. Bd3 Qd6 50. f4 h4 51. fxe5 Qe6 52. Bf1 Qa2+ 53. Ke3 Qb1 54. Bh3 Qg1+ 55. Ke2 Qh2+ 56. Kf1 Qh1+ 57. Ke2 Qxe4+ 1/2-1/2

[Event "Winnipeg TNT March op"]
[Site "Winnipeg"]
[Date "2006.03.14"]
[Round "2"]
[White "Green, Jim"]
[Black "Booth, Kevin"]
[Result "1/2-1/2"]
[WhiteElo "1720"]
[BlackElo "1522"]
[PlyCount "60"]
[EventDate "2006.03.07"]
[EventType "swiss"]
[EventRounds "4"]
[EventCountry "CAN"]
[SourceTitle "EXT 2007"]
[Source "ChessBase"]
[SourceDate "2006.11.23"]
[SourceVersion "1"]
[SourceVersionDate "2006.11.23"]
[SourceQuality "1"]

1. e4 e5 2. Nf3 Nc6 3. Bb5 d6 4. d4 exd4 5. Nxd4 Bd7 6. Nxc6 Bxc6 7. Bxc6+ bxc6 8. 0-0 Nf6 9. Re1 Be7 10. Nc3 0-0 11. e5 dxe5 12. Qxd8 Rfxd8 13. Rxe5 Nd5 14. Nxd5 Rxd5 15. Re1 Rad8 16. Be3 Bc5 17. c4 Re5 18. Bf4 Rxe1+ 19. Rxe1 h6 20. a3 a5 21. Kf1 Rd4 22. Bxc7 a4 23. Ba5 Rxc4 24. Re2 Bd4 25. Be1 Rc1 26. Rd2 Bf6 27. g3 Rb1 28. Rc2 Bxb2 29. Rxc6 Bxa3 30. Rc4 Bf8 1/2-1/2

[Event "Winnipeg TNT March op"]
[Site "Winnipeg"]
[Date "2006.03.07"]
[Round "1"]
[White "Kwiatek, Jordan"]
[Black "Booth, Kevin"]
[Result "0-1"]
[WhiteElo "1746"]
[BlackElo "1522"]
[PlyCount "68"]
[EventDate "2006.03.07"]
[EventType "swiss"]
[EventRounds "4"]
[EventCountry "CAN"]
[SourceTitle "EXT 2007"]
[Source "ChessBase"]
[SourceDate "2006.11.23"]
[SourceVersion "1"]
[SourceVersionDate "2006.11.23"]
[SourceQuality "1"]

1. d4 Nf6 2. Bg5 e6 3. Nf3 d5 4. e3 c5 5. c3 cxd4 6. exd4 Be7 7. Bd3 0-0 8. Nbd2 Nbd7 9. Qe2 h6 10. Bh4 Nh7 11. Bxe7 Qxe7 12. Ne5 Nxe5 13. dxe5 f6 14. Nf3 f5 15. Rg1 Ng5 16. Nh4 Qf7 17. f3 Bd7 18. g3 Bc6 19. 0-0-0 Rfc8 20. Kb1 a5 21. Rdf1 Qc7 22. Ng2 b5 23. h4 Nf7 24. f4 b4 25. cxb4 axb4 26. Ne3 Qa5 27. b3 Be8 28. g4 Rc3 29. Rf2 Rxb3+ 30. Kc1 Rc8+ 31. Kd1 Rbc3 32. Qd2 Ba4+ 33. Ke2 Rxd3 34. Kxd3 Qb5+ 0-1

[Event "Winnipeg February Sect-D"]
[Site "Winnipeg"]
[Date "2006.02.12"]
[Round "4"]
[White "Booth, Kevin"]
[Black "Wiebe, Daniel"]
[Result "1-0"]
[WhiteElo "1529"]
[BlackElo "1016"]
[PlyCount "57"]
[EventDate "2006.02.10"]
[EventType "swiss"]
[EventRounds "5"]
[EventCountry "CAN"]
[SourceTitle "EXT 2007"]
[Source "ChessBase"]
[SourceDate "2006.11.23"]
[SourceVersion "1"]
[SourceVersionDate "2006.11.23"]
[SourceQuality "1"]

1. d4 g6 2. c4 Nf6 3. Nc3 Bg7 4. e4 d6 5. f3 0-0 6. Bd3 Nbd7 7. Nge2 b6 8. b3 Bb7 9. Bb2 Re8 10. 0-0 e5 11. d5 a6 12. Rc1 Nc5 13. Ng3 Qd7 14. Nce2 c6 15. Qc2 b5 16. f4 Ng4 17. Qd2 Nxd3 18. Qxd3 exf4 19. Bxg7 fxg3 20. Ba1 gxh2+ 21. Kh1 cxd5 22. exd5 bxc4 23. Rxc4 Bxd5 24. Qxd5 Ne3 25. Qd4 f5 26. Qh8+ Kf7 27. Qg7+ Ke6 28. Qf6+ Kd5 29. Nf4# 1-0

[Event "Winnipeg February Sect-D"]
[Site "Winnipeg"]
[Date "2006.02.10"]
[Round "1"]
[White "Gibbons, Lorne"]
[Black "Booth, Kevin"]
[Result "1-0"]
[WhiteElo "1279"]
[BlackElo "1529"]
[PlyCount "133"]
[EventDate "2006.02.10"]
[EventType "swiss"]
[EventRounds "5"]
[EventCountry "CAN"]
[SourceTitle "EXT 2007"]
[Source "ChessBase"]
[SourceDate "2006.11.23"]
[SourceVersion "1"]
[SourceVersionDate "2006.11.23"]
[SourceQuality "1"]

1. d4 d5 2. c4 c6 3. Nc3 Nf6 4. Bf4 e6 5. a3 Bd6 6. Bg5 0-0 7. e3 Nbd7 8. c5 Be7 9. Nf3 Ng4 10. Bxe7 Qxe7 11. h3 Ngf6 12. Nd2 e5 13. dxe5 Nxe5 14. b4 d4 15. Nce4 Nxe4 16. Nxe4 dxe3 17. fxe3 Qh4+ 18. Nf2 Rd8 19. Qb3 Be6 20. Qc3 Nc4 21. Bxc4 Bxc4 22. e4 Be6 23. 0-0 Rd7 24. Rad1 Rad8 25. Qe5 h6 26. g3 Qe7 27. g4 Rxd1 28. Rxd1 Rxd1+ 29. Nxd1 Qd8 30. Nf2 Bc4 31. Qc3 Bb5 32. Kg2 Qe7 33. e5 Qd7 34. Kg3 Qd5 35. h4 Bf1 36. Kf4 Qg2 37. Qf3 Qxf3+ 38. Kxf3 Kf8 39. Ne4 Bc4 40. Nd6 Bd5+ 41. Kf4 b6 42. cxb6 axb6 43. Nf5 Be6 44. Nd4 Bd5 45. Nf5 g6 46. Nxh6 b5 47. g5 Ke7 48. Ng4 Be6 49. Nf6 Bc4 50. h5 gxh5 51. Nxh5 Bd5 52. Ng7 Kf8 53. Nf5 Ke8 54. Nd4 Ke7 55. Kf5 Bg2 56. g6 fxg6+ 57. Kxg6 Be4+ 58. Kg5 Bg2 59. Kf4 Bd5 60. Kf5 Bg2 61. e6 Kd6 62. Kf6 Bd5 63. Nf5+ Kc7 64. e7 Kd7 65. Kg7 Ke8 66. Kf6 Kd7 67. Ng7 1-0

[Event "Winnipeg Kent Oliver Memorial"]
[Site "Winnipeg"]
[Date "2006.01.21"]
[Round "2"]
[White "Booth, Kevin"]
[Black "Bist, Jordan"]
[Result "1-0"]
[WhiteElo "1503"]
[BlackElo "1231"]
[PlyCount "99"]
[EventDate "2006.01.20"]
[EventType "swiss"]
[EventRounds "5"]
[EventCountry "CAN"]
[SourceTitle "EXT 2007"]
[Source "ChessBase"]
[SourceDate "2006.11.23"]
[SourceVersion "1"]
[SourceVersionDate "2006.11.23"]
[SourceQuality "1"]

1. d4 Nf6 2. c4 d6 3. g3 Nbd7 4. Bg2 e5 5. dxe5 Nxe5 6. b3 Be7 7. Nf3 Nc6 8. Bb2 0-0 9. 0-0 Re8 10. Qc2 Bf8 11. Ng5 Nb4 12. Qd2 Nc6 13. Bxc6 bxc6 14. Qc2 h6 15. Bxf6 Bf5 16. Qxf5 g6 17. Qf3 Qd7 18. Ne4 Qe6 19. Nbd2 d5 20. cxd5 cxd5 21. Nc3 d4 22. Bxd4 Rad8 23. e3 c5 24. Nce4 Bg7 25. Bxg7 Kxg7 26. Rad1 f5 27. Nxc5 Qe7 28. Qb7 Qxb7 29. Nxb7 Rd7 30. Nc4 Rxd1 31. Rxd1 Rb8 32. Rd7+ Kf8 33. Rd8+ Rxd8 34. Nxd8 Ke8 35. Nc6 a6 36. Nb8 Kf7 37. Nxa6 Kf6 38. Nc5 g5 39. a4 f4 40. exf4 gxf4 41. gxf4 Kf5 42. a5 Kxf4 43. a6 Kg4 44. a7 Kh5 45. a8Q Kg6 46. Qd5 Kh7 47. Qe6 Kh8 48. Qg6 h5 49. Ne5 h4 50. Nf7# 1-0

[Event "Yanofsky Memorial op"]
[Site "Winnipeg"]
[Date "2005.09.05"]
[Round "6"]
[White "Gannon, Keith"]
[Black "Booth, Kevin"]
[Result "1-0"]
[WhiteElo "1528"]
[BlackElo "1336"]
[PlyCount "81"]
[EventDate "2005.09.03"]
[EventType "swiss"]
[EventRounds "6"]
[EventCountry "CAN"]
[SourceTitle "CBM 108 Extra"]
[Source "ChessBase"]
[SourceDate "2005.11.04"]
[SourceVersion "1"]
[SourceVersionDate "2005.11.04"]
[SourceQuality "1"]

1. e4 e5 2. Nf3 d6 3. Be2 Be7 4. d4 exd4 5. Nxd4 Nf6 6. Nc3 Nc6 7. Nxc6 bxc6 8. 0-0 0-0 9. Bf3 Bd7 10. Re1 Re8 11. e5 dxe5 12. Rxe5 Bd6 13. Rxe8+ Qxe8 14. g3 Qe7 15. Bg5 Rb8 16. Rb1 Qe5 17. Bf4 Qc5 18. Bxd6 cxd6 19. Ne4 Nxe4 20. Bxe4 g6 21. a3 d5 22. Bd3 Qd4 23. c3 Qf6 24. Qe2 Re8 25. Qf1 Qf3 26. Qd1 Qf6 27. Be2 Qf5 28. Rc1 Qg5 29. Rc2 c5 30. Rd2 Be6 31. Bf3 Rd8 32. Bg2 d4 33. cxd4 cxd4 34. h4 Qf6 35. Qa4 Qe5 36. Kh2 d3 37. Qxa7 Qe1 38. Qe3 Qb1 39. Be4 Bd5 40. Qxd3 Bxe4 41. Qxb1 1-0

[Event "Albert Boxer Classic op"]
[Site "Winnipeg"]
[Date "2005.05.14"]
[Round "3"]
[White "Booth, Kevin"]
[Black "Gannon, Keith"]
[Result "1-0"]
[WhiteElo "1305"]
[BlackElo "1561"]
[PlyCount "121"]
[EventDate "2005.05.13"]
[EventType "swiss"]
[EventRounds "5"]
[EventCountry "CAN"]
[SourceTitle "CBM 106 Extra"]
[Source "ChessBase"]
[SourceDate "2005.07.01"]
[SourceVersion "1"]
[SourceVersionDate "2005.07.01"]
[SourceQuality "1"]

1. e4 c5 2. Nf3 d6 3. d4 cxd4 4. Nxd4 Nf6 5. Nc3 a6 6. f3 Bd7 7. Be3 Nc6 8. Qd2 b5 9. a3 h6 10. Be2 Qa5 11. 0-0 b4 12. axb4 Qxb4 13. Ra4 Qb7 14. Ra2 Nxd4 15. Bxd4 e5 16. Bf2 Be7 17. Rfa1 0-0 18. b3 Bb5 19. Nxb5 axb5 20. Rxa8 Rxa8 21. Rxa8+ Qxa8 22. Bxb5 Qa1+ 23. Qe1 Qxe1+ 24. Bxe1 Kf8 25. Kf1 Bd8 26. Ke2 Ke7 27. Kd3 Ke6 28. c4 Nd7 29. b4 Nb6 30. c5 dxc5 31. bxc5 Nd7 32. Bb4 Bc7 33. Kc4 g6 34. Bc3 f5 35. exf5+ gxf5 36. Bxd7+ Kxd7 37. Kd5 e4 38. fxe4 fxe4 39. Kxe4 Bxh2 40. Be5 Bg1 41. Kd5 Be3 42. c6+ Kc8 43. Ke6 Kd8 44. g4 Bd2 45. Kf6 Bg5+ 46. Kg6 Bd2 47. Bg7 Kc7 48. Bxh6 Bb4 49. Kf7 Kxc6 50. Bf4 Kd5 51. g5 Bc3 52. g6 Ke4 53. Bg5 Kf5 54. Bh6 Bd4 55. Bg7 Be3 56. Bf6 Bh6 57. Be7 Kg4 58. Bf8 Kg5 59. Bxh6+ Kxh6 60. g7 Kh7 61. g8Q+ 1-0